000 00948nam a22002537a 4500
005 20241128105301.0
010 _aENG-142702
020 _c1045.00
_a9789361595592
035 _aEN-126234
037 _bDBAD
082 _a615
_29
100 _aShah, Umang
_974176
245 _aComplete Companion for GPAT:
_bOther Entrance Examination in Pharmacy /
_cBy Umang Shah...[et.al]
250 _a9
260 _aUttar Pradesh
_bPearson India Education Pvt Ltd
_c2025
270 _bUttar Pradesh
_a1st FLoor, Berger Tower, Plot No. C-001A/2, Sector-16B, Noida
_e201301
300 _avpp.
_c25cm(pb)
_bIndex
500 _aIncludes GPAT 2024 Question Paper | NIPER JEE Special Module and 5 Mock Question Papers
700 _aAkabari, Ashok
_eAuthor
_974172
700 _aBaser, Amit Kumar
_eAuthor
_974173
700 _aPatel, Ashish
_eAuthor
_974174
700 _aPatel, Sandip
_eAuthor
_974175
942 _2ddc
_cEN
_h615
_mSHA
_e1
999 _c207104
_d207104